000 00549nam a2200229Ia 4500
003 OSt
005 20221005113958.0
006 a|||||r|||| 00| 0
007 ta
008 221004b |||||||| |||| 00| 0 kan d
024 _a62061
037 _cTextual
040 _aCRL
_cCRL
_bkan
041 _2kan
_akan
082 _aZGx,2, 33J2
100 _aBhat P. S. Ed.
_9625270
245 0 _aAmaranadai tunde
260 _c1952
650 _aLAW
942 _hZGx,2, 33J2
_cTEXL
_2cc
999 _c1029936
_d1029936